000 00501cab a2200217 4500
001 X805
008 090401t1993 xxu||||| |||| 00| 0 eng d
035 _a(Sirsi) u67531
041 _aeng
245 _aRod fishing licences
260 _c1993
350 _a0
490 _aCS Monthly : Rural Practice
_v2(9) June 1993, 2(1)
650 _aANGLING
650 _aFISHING LICENCES
650 _aNRA
650 _aROD LICENCERS
690 _aRURAL PRACTICE
942 _n0
948 _c04/03/1997
999 _c42253
_d42253